01375nam a2200241Ia 4500001001100000003001000011008004100021040002500062041001300087100002000100245005100120250001100171260006500182300001200247500026000259501011400519520026000633650002200893942000700915957000600922999004300928952016200971A900-35499IT-CnALBA170116s9999||||xx |||||||||||||| ||und|| aIT-CnALBAcIT-CnALBA aITALIANO aHARDION GIACOMO 0aSTORIA UNIVERSALE SACRA E PROFANA. TOMO XVII.  a1a ed. a TORINO, MILANO, ROMAbREALE STAMPERIA c1766 [1° Ed.:1766] a521 p.  aSECOLO XIV. STORIA ECCLESIASTICA. STORIA DEGLI IMPERATORI OTTOMANI. STORIA DEGLI IMPERATORI DI COSTANTINOPOLI. IMPERATORI D'ALLEMAGNA. DI FRANCIA, LUDOVICO X. CARLO IV. CARLO DELFINO. DEI RE DI SPAGNA. FERDINANDO IV. DON ALFONSO XI. DON PIETRO IV. DON GIO aSocietà San Paolo EM - Piazza San Paolo, 14 - 12051 ALBA (CN) (non commercial uses only) ® Copyright 2017 aSECOLO XIV. STORIA ECCLESIASTICA. STORIA DEGLI IMPERATORI OTTOMANI. STORIA DEGLI IMPERATORI DI COSTANTINOPOLI. IMPERATORI D'ALLEMAGNA. DI FRANCIA, LUDOVICO X. CARLO IV. CARLO DELFINO. DEI RE DI SPAGNA. FERDINANDO IV. DON ALFONSO XI. DON PIETRO IV. DON GIO aSTORIA UNIVERSALE cBK 71 a40263bSI g Copie: 1 c294326d294326 0010406A_9003549971aALBAbALBAd2017-01-16l0oA900-35499r2017-01-16 00:00:00w2017-01-16yBKz(data import: 16 gennaio 2017) - By Epidotti, Vaglietti.